LEADER 01730nam0 2200385 i 450 001 VAN00123392 005 20251105034747.321 010 $a978-44-315-6517-8 100 $a20190919d2017 |0itac50 ba 101 $aeng 102 $aSG 105 $a|||| ||||| 181 $ai$b e 182 $ab 183 $acr 200 1 $aApplications of Aminoacylation Ribozymes That Recognize the 3?-end of tRNA$fNaohiro Terasaka 210 $aTokyo$cSpringer$d2017 215 $aXII, 89 p.$cill.$d24 cm 410 1$1001VAN00104193$12001 $aSpringer theses$erecognizing outstanding Ph.D. research$1210 $aBerlin$cSpringer$d2010- 620 $dTokyo$3VANL000048 676 $a660.6$cBiotecnologia. Microbiologia applicata$v22 676 $a540$cChimica generale$v22 676 $a541.395$cCatalisi$v22 676 $a611.01816$cAcidi nucleici$v22 700 1$aTerasaka$bNaohiro$3VANV094797$0766768 712 $aSpringer $3VANV108073$4650 801 $aIT$bSOL$c20251107$gRICA 856 4 $u/sebina/repository/catalogazione/documenti/305.pdf$z305.pdf 856 4 $uhttps://link.springer.com/book/10.1007/978-4-431-56517-8$zE-book - Accesso al full-text attraverso riconoscimento IP di Ateneo, proxy e/o Shibboleth 899 $aBIBLIOTECA DEL DIPARTIMENTO DI SCIENZE E TECNOLOGIE AMBIENTALI BIOLOGICHE E FARMACEUTICHE$1IT-CE0101$2VAN17 912 $fN 912 $aVAN00123392 950 $aBIBLIOTECA DEL DIPARTIMENTO DI SCIENZE E TECNOLOGIE AMBIENTALI BIOLOGICHE E FARMACEUTICHE$d17CONS e-book 2111 $e17BIB2111/64 64 20190919 996 $aApplications of Aminoacylation Ribozymes That Recognize the 3?-end of tRNA$91560463 997 $aUNICAMPANIA